000 01536nam0a2200313 i 4500
001 RU\NLR\bibl\2053015
005 20240921133435.0
021 _aRU
_b2013-47557
_93299
035 _a(NLR Aleph) 002040002
090 _a4591436
_c4591436
100 _a20130712d2013 um y0rusy50 ca
101 0 _arus
102 _aRU
105 _ay|||j||||00yy
200 1 _aМировая экономика и международные экономические отношения
_eучебное пособие
_e[для студентов 3 курса]
_fС.Н. Каруна
_gФГБОУ ВПО "Воронеж. гос. техн. ун-т"
210 _aВоронеж
_cФГБОУ ВПО "Воронежский государственный технический университет"
_d2013
215 _a104 с.
_d21
320 _aБиблиогр.: с. 102 (15 назв.)
606 1 _aМировое хозяйство
_jУчебные издания для высших учебных заведений
_91186934
_3RU\NLR\AUTH\66160660
606 1 _aМеждународные экономические отношения
_jУчебные издания для высших учебных заведений
_92253134
_3RU\NLR\AUTH\661351357
686 1 _aУ03(0)63я73
686 1 _aУ58я73
700 1 _aКаруна
_bС. Н
_gСветлана Николаевна
_4070
801 0 _aRU
_bNLR
_c20130712
_gRCR
801 1 _aRU
_bNLR
_c20130712
942 _cBOOK
980 _aNBR